Bleach - Les Tomes - Statistiques

Statistiques générales
  • Ce quiz a été pris 119 fois
  • Le résultat moyen est 56 sur 148
Statistiques - réponses
Tomes Covers Titres % Correct
Ichigo
96%
Rukia
92%
Uryu
89%
Aizen
88%
Gin
88%
Urahara
88%
Orihime
86%
Byakuya
85%
Renji
85%
Chad
84%
Grimmjow
82%
Kenpachi
82%
Yamamoto
81%
Ulquiorra
80%
Mayuri
77%
Tosen
76%
Yoruichi
76%
Soi-Fon
74%
Toshiro
74%
Yhwach
74%
Matsumoto
72%
Nelliel
72%
Shinji
70%
Ganju
69%
Unohana
69%
Yammy
69%
Barragan
68%
Jugram
66%
Kira
65%
Nnoitra
65%
Bazz-B
64%
Hallibel
62%
Zangetsu
62%
Komamura
59%
Kukaku
59%
Ikkaku
58%
Nemu
55%
Ginjo
53%
Ichibei
53%
Riruka
53%
Askin
51%
As Nodt
51%
Ichigo et Rukia
50%
Kaien
50%
Masaki
50%
Tsukishima
50%
Yukio
50%
Hisagi
49%
Hanataro
47%
Oetsu
43%
Szayel Aporro
43%
Gremmy
42%
1 Ichigo The death and the Strawberry
42%
74 Ichigo et Rukia The Death and the strawberry
42%
Yumichika
42%
White
41%
Giselle
39%
Quilge
39%
Cirucci
38%
Dordoni
38%
Luppi
38%
Ayon
32%
60 Masaki Everything but the rain
27%
59 Unohana The battle
24%
48 Aizen God is dead
23%
70 Jugram Friend
20%
72 Uryu My last words
20%
58 Yamamoto The fire
20%
71 Nemu Baby hold your hand
19%
22 Ulquiorra Conquistadores
18%
8 Zangetsu The blade and me
16%
56 Quilge March of the starcross
15%
66 Oetsu Sorry I am strong
15%
55 Yhwach The blood warfare
15%
11 Renji A star and a stray dog
14%
41 Yammy Heart
14%
4 Uryu Quincy archer hates you
14%
5 Chad Rightarm of the giant
14%
40 Ulquiorra The lust
14%
73 Renji Battle field burning
12%
63 As Nodt Hear, fear, here
12%
65 Giselle Marching out the zombies
12%
67 Ichibei BLACK
11%
62 Komamura Heart of wolf
11%
13 Kenpachi The Undead
11%
69 Bazz-B Against the judge
9%
24 Grimmjow Immanent god blues
9%
36 Shinji Turn back the pendulum
9%
44 Tosen Vice it
9%
21 Shinji Be my family or not
8%
64 Gremmy Death in vision
8%
3 Orihime Memories in the rain
8%
33 Nnoitra The bad joke
8%
49 Ichigo The lost agent
8%
31 Szayel Aporro Don't kill my volupture
7%
61 Zangetsu The last 9 days
7%
27 Orihime goodbye halcyon days.
5%
19 Ichigo The black moon rising
5%
6 Urahara The death trilogy overture
5%
39 Ayon El verdugo
4%
20 Gin End of hypnosis
4%
34 Nelliel King of the kill
4%
7 Byakuya The broken coda
4%
68 Askin The ordinary peace
4%
15 Kira Beginning of the death of tomorrow
3%
47 Gin End of the crysalis
3%
9 Kukaku Fourteen days for conspiracy
3%
54 Rukia Goodbye to our Xcution
3%
32 Grimmjow Howling
3%
43 Barragan Kingdom of hollows
3%
10 Ganju Tattoo on the sky
3%
18 Soi Fon The deathberry returns
3%
46 Matsumoto Back from blind
1%
28 Dordoni Baron's lecture full-course
1%
37 Yumichika Beauty is so solitary
1%
52 Tsukishima End of bond
1%
12 Aizen Flower on the precipice
1%
2 Rukia Goodbye parakeet, Goodnite my sister
1%
23 Ikkaku Mala suerte!
1%
16 Toshiro Night of wijnruit
1%
25 White Ichigo No shaking throne
1%
57 Byakuya Out of bloom
1%
42 Hallibel Shock of the queen
1%
45 Yamamoto The burnout inferno
1%
53 Yukio The deathberry returns 2
1%
26 Luppi The mascaron drive
1%
30 Kaien There is no heart without you
1%
29 Cirucci The slashing opera
1%
14 Hanataro White tower rocks
1%
38 Hisagi Fear for fight
0%
35 Mayuri Higher than the moon
0%
51 Riruka Love me Bitterly, love me Sweetly
0%
17 Yoruichi Rosa rubicundior, lilio candidior
0%
50 Ginjo The six fullbringers
0%
Aucun quiz correspondant
Distribution des résultats
% des personnes avec chaque résultat
Percentile par nombre de réponses
Votre historique - résultats
Vous n’avez pas pris ce quiz